| 000 | 01008cam a22003254a 4500 | ||
|---|---|---|---|
| 001 | 55887518 | ||
| 003 | OCoLC | ||
| 005 | 20200214130006.0 | ||
| 008 | 040702s2005 mnua b 001 0 spa | ||
| 010 | _a 2004048889 | ||
| 020 | _a0736841512 | ||
| 020 | _a9780736841511 | ||
| 040 |
_aDLC _cDLC _dBAKER _dSO$ |
||
| 041 | 1 |
_aspa _heng |
|
| 042 | _apcc | ||
| 082 | 0 | 0 |
_a513.2/11 _222 |
| 092 | _a513.211 JACOBS | ||
| 100 | 1 |
_aJacobs, Daniel _q(Daniel Martin), _eauthor. |
|
| 240 | 1 | 0 |
_aCount your chickens. _lSpanish. |
| 245 | 1 | 0 |
_aCuenta tus gallinas / _cpor Daniel Jacobs. |
| 260 |
_aMankato, Minn. : _bYellow Umbrella Books, _cc2005. |
||
| 300 |
_a17 p. : _bcol. ill. ; _c21 cm. |
||
| 490 | 1 | _aYellow Umbrella Books. Mathematics. Spanish. | |
| 500 | _aTranslation of: Count your chickens. | ||
| 500 | _aIncludes index. | ||
| 546 | _aText in Spanish. | ||
| 650 | 0 |
_aCounting _vJuvenile literature. |
|
| 830 | 0 |
_aYellow Umbrella Books for early readers. _nNivel B, _pMatematicas. |
|
| 942 |
_cBK _2ddc |
||
| 999 |
_c23864 _d23864 |
||